| 000 | 01296nam a22003617a 4500 | ||
|---|---|---|---|
| 003 | CHAP | ||
| 005 | 20251204124650.0 | ||
| 008 | 971010s1982 r 00010 d | ||
| 010 | _a65465 | ||
| 011 | _a66437 | ||
| 035 | _a74548 | ||
| 040 | _cCHAP | ||
| 090 | _aTesis | ||
| 100 | 1 | 0 |
_aSalazar Moreno, Raquel _9101412 |
| 245 | 1 | _aDeterminación de punto de corte de jilote en seis variedades de maíz (Zea mays L.) y su evaluación como alimento enlatado | |
| 260 |
_aChapingo, Méx. : _bEl autor, _c1982 |
||
| 300 | _a103 h. gráfs. | ||
| 502 | _aTesis (Ing. Agr. Esp. en Industrias Agrícolas) -- UACH. Departamento de Industrias Agrícolas | ||
| 590 |
_aALEPH _b10 _c20130110 _lUCH01 _h1357 |
||
| 590 |
_aBATCH-UPD _b10 _c20130110 _lUCH01 _h0452 |
||
| 590 |
_aBATCH-UPD _b10 _c20130110 _lUCH01 _h2226 |
||
| 590 |
_aBATCH-UPD _b10 _c20130410 _lUCH01 _h0129 |
||
| 590 |
_aBATCH-UPD _b10 _c20130914 _lUCH01 _h1754 |
||
| 590 |
_aCONVERSION _b10 _c20130109 _lUCH01 _h1336 |
||
| 650 | 1 | 4 |
_aAlimentos enlatados. _94307 |
| 650 | 1 | 4 |
_aMaíz _xInflorescencia. _970981 |
| 700 | 1 |
_aSolorio Caballero, Héctor A. _9108508 |
|
| 901 | _aBK | ||
| 942 | _cFOLL | ||
| 949 |
_bBC _cTES _d-135618 _eTS1 _i74548 _si |
||
| 949 |
_bBC _cTES _d-135619 _eTS2 _fc.2 _i74548 _si |
||
| 949 |
_bBC _cTES _d-135620 _eTS2 _fc.3 _i74548 _si |
||
| 999 |
_c65465 _d65465 |
||